Uchchatar madhyamik rajniti bigyan: (Record no. 11971)
[ view plain ]
| 000 -LEADER | |
|---|---|
| fixed length control field | 00797nam a22002657a 4500 |
| 005 - DATE AND TIME OF LATEST TRANSACTION | |
| control field | 20240920064919.0 |
| 008 - FIXED-LENGTH DATA ELEMENTS--GENERAL INFORMATION | |
| fixed length control field | 240920b |||||||| |||| 00| 0 eng d |
| 020 ## - INTERNATIONAL STANDARD BOOK NUMBER | |
| International Standard Book Number | 9789358497984 |
| 040 ## - CATALOGING SOURCE | |
| Original cataloging agency | IN-DiNC |
| Transcribing agency | IN-DiNC |
| 041 ## - LANGUAGE CODE | |
| Language code of sung or spoken text | Assamese |
| 082 ## - DEWEY DECIMAL CLASSIFICATION NUMBER | |
| Classification number | 320 |
| Item number | UCH |
| 245 ## - TITLE STATEMENT | |
| Title | Uchchatar madhyamik rajniti bigyan: |
| Remainder of title | rajnaitik tattwa aru bharatiya sangbidhanar karya (XI)/ |
| Statement of responsibility, etc. | by Mridul Dutta and others |
| 250 ## - EDITION STATEMENT | |
| Edition statement | 1st ed. |
| 260 ## - PUBLICATION, DISTRIBUTION, ETC. | |
| Place of publication, distribution, etc. | Dibrugarh: |
| Name of publisher, distributor, etc. | Banalata, |
| Date of publication, distribution, etc. | 2024. |
| 300 ## - PHYSICAL DESCRIPTION | |
| Extent | 326p. |
| 650 ## - SUBJECT ADDED ENTRY--TOPICAL TERM | |
| Topical term or geographic name entry element | Political science (XI) |
| 650 ## - SUBJECT ADDED ENTRY--TOPICAL TERM | |
| Topical term or geographic name entry element | Political theory |
| 650 ## - SUBJECT ADDED ENTRY--TOPICAL TERM | |
| Topical term or geographic name entry element | Indian constitution |
| 700 ## - ADDED ENTRY--PERSONAL NAME | |
| Personal name | Dutta, Mridul |
| Relator term | Author |
| 700 ## - ADDED ENTRY--PERSONAL NAME | |
| Personal name | Borah, Debojit |
| Relator term | Author |
| 700 ## - ADDED ENTRY--PERSONAL NAME | |
| Personal name | Bhuyan, Dhiren |
| Relator term | Author |
| 700 ## - ADDED ENTRY--PERSONAL NAME | |
| Personal name | Koiri, Jitu |
| Relator term | Author |
| 700 ## - ADDED ENTRY--PERSONAL NAME | |
| Personal name | Mohan, Trinoyon |
| Relator term | Author |
| 942 ## - ADDED ENTRY ELEMENTS (KOHA) | |
| Source of classification or shelving scheme | Dewey Decimal Classification |
| Koha item type | Books |
| Withdrawn status | Lost status | Source of classification or shelving scheme | Damaged status | Not for loan | Collection code | Home library | Current library | Shelving location | Date acquired | Cost, normal purchase price | Total Checkouts | Full call number | Barcode | Date last seen | Date last checked out | Copy number | Price effective from | Koha item type |
|---|---|---|---|---|---|---|---|---|---|---|---|---|---|---|---|---|---|---|
| Dewey Decimal Classification | Political Science | Naharkatiya College Library | Naharkatiya College Library | General Stacks | 20/09/2024 | 290.00 | 5 | 320 UCH | 30189 | 05/03/2026 | 17/02/2026 | 1 | 20/09/2024 | Books | ||||
| Dewey Decimal Classification | Political Science | Naharkatiya College Library | Naharkatiya College Library | General Stacks | 20/09/2024 | 290.00 | 6 | 320 UCH | 30190 | 23/03/2026 | 05/03/2026 | 2 | 20/09/2024 | Books | ||||
| Dewey Decimal Classification | Political Science | Naharkatiya College Library | Naharkatiya College Library | General Stacks | 20/09/2024 | 290.00 | 4 | 320 UCH | 30191 | 11/02/2026 | 27/01/2026 | 3 | 20/09/2024 | Books |
